| 000 | 00902cam a2200289 i 4500 | ||
|---|---|---|---|
| 999 |
_c200442716 _d60928 |
||
| 003 | TR-AnTOB | ||
| 005 | 20220719162249.0 | ||
| 007 | ta | ||
| 008 | 010221s1982 tu a b 000 0 tur d | ||
| 040 |
_aBGZ _beng _erda _cTR-AnTOB _dTR-AnTOB |
||
| 041 | 0 | _atur | |
| 050 |
_aHG3256.5.A6 _bE78 1982 |
||
| 090 |
_aTOBBK HG3256.5.A6 _bE78 1982 |
||
| 100 | 1 |
_aErtuna, Özcan _9129144 |
|
| 245 | 1 | 0 |
_aFinansal kurumlar / _cÖzcan Ertuna. |
| 264 | 1 |
_aAnkara : _bEge Üniversitesi, _c1982. |
|
| 300 |
_axiv, 260 pages : _billustration, tables ; _c24 cm |
||
| 336 |
_2rdacontent _atext _btxt |
||
| 337 |
_2rdamedia _aunmediated _bn |
||
| 338 |
_2rdacarrier _avolume _bnc |
||
| 650 | 0 |
_aBanks and banking _zTurkey _97720 |
|
| 650 | 0 |
_aBankalar ve bankacılık _zTürkiye _99766 |
|
| 650 | 0 |
_aFinancial institutions _91812 |
|
| 942 |
_2z _cBK |
||